000 00537nam a2200205Ia 4500
003 GCL
008 140319s9999 xx 000 0 eng d
040 _aGCL /
_cGCL
082 0 4 _aCC
_b291.23
_bD M
100 1 _aDUNAND, FRANCOISE
245 1 0 _aMUMMIES: A JOURNEY THROUGH ETERNITY /
_cDUNAND, FRANCOISE
700 1 _aLICHTENBERY, ROGER
260 _a[S.N] :
_bTHAMES AND HUDSON
300 _a127 P
650 0 4 _aMUMMIES
650 0 4 _aEGYPTOLOGY
650 0 4 _aEGYPT - ANTIQUITIES
650 0 4 _aEGYPT - RELIGION
942 _2ddc
_cBK
999 _c25637
_d25637